Citty on contracts Vol. II. Specific contracts / (Record no. 5325)
[ view plain ]
| 000 -LEADER | |
|---|---|
| fixed length control field | 00598nam a22001937a 4500 |
| 008 - FIXED-LENGTH DATA ELEMENTS--GENERAL INFORMATION | |
| fixed length control field | 130310t xxu||||| |||| 00| 0 eng d |
| 020 ## - INTERNATIONAL STANDARD BOOK NUMBER | |
| International Standard Book Number | 9-7818-5479 |
| 082 ## - DEWEY DECIMAL CLASSIFICATION NUMBER | |
| Edition number | 22 ed. |
| Classification number | 346.02 CHI |
| 100 ## - MAIN ENTRY--PERSONAL NAME | |
| Personal name | Chitty |
| 9 (RLIN) | 6778 |
| 245 ## - TITLE STATEMENT | |
| Title | Citty on contracts Vol. II. Specific contracts / |
| Statement of responsibility, etc | Chitty |
| 250 ## - EDITION STATEMENT | |
| Edition statement | 30 ed. |
| 260 ## - PUBLICATION, DISTRIBUTION, ETC. (IMPRINT) | |
| Place of publication, distribution, etc | London : |
| Name of publisher, distributor, etc | Thomson Reuters |
| Date of publication, distribution, etc | 2008 |
| 300 ## - PHYSICAL DESCRIPTION | |
| Extent | cccxcvi, 1928 P. ; |
| Dimensions | 24 cm. |
| 500 ## - GENERAL NOTE | |
| General note | Includes Index |
| 650 ## - SUBJECT ADDED ENTRY--TOPICAL TERM | |
| Topical term or geographic name as entry element | Contracts-Specific contracts |
| 9 (RLIN) | 7064 |
| 650 ## - SUBJECT ADDED ENTRY--TOPICAL TERM | |
| Topical term or geographic name as entry element | Contracts |
| 9 (RLIN) | 6673 |
| 650 ## - SUBJECT ADDED ENTRY--TOPICAL TERM | |
| Topical term or geographic name as entry element | Chitty on contracts Vol. II. Specific contracts |
| 9 (RLIN) | 7065 |
| 942 ## - ADDED ENTRY ELEMENTS (KOHA) | |
| Source of classification or shelving scheme | Dewey Decimal Classification |
| Item type | Books |
| Withdrawn status | Lost status | Source of classification or shelving scheme | Damaged status | Not for loan | Home library | Current library | Shelving location | Date acquired | Total Checkouts | Full call number | Barcode | Date last seen | Copy number | Price effective from | Koha item type | Public note |
|---|---|---|---|---|---|---|---|---|---|---|---|---|---|---|---|---|
| Dewey Decimal Classification | Law Development Centre Main Library | Law Development Centre Main Library | Text Books and Laws | 03/10/2013 | 346.02 CHI | 4464/2013 | 03/10/2013 | 1 | 03/10/2013 | Books | Reserve | |||||
| Dewey Decimal Classification | Law Development Centre Main Library | Law Development Centre Main Library | Text Books and Laws | 03/10/2013 | 346.02 CHI | 4465/2013 | 03/10/2013 | 2 | 03/10/2013 | Books | Reserve | |||||
| Dewey Decimal Classification | Law Development Centre Main Library | Law Development Centre Main Library | Text Books and Laws | 03/10/2013 | 346.02 CHI | 4466/2013 | 03/10/2013 | 3 | 03/10/2013 | Books | Reserve | |||||
| Dewey Decimal Classification | Law Development Centre Main Library | Law Development Centre Main Library | Text Books and Laws | 03/10/2013 | 346.02 CHI | 4467/2013 | 03/10/2013 | 4 | 03/10/2013 | Books | Reserve | |||||
| Dewey Decimal Classification | Law Development Centre Main Library | Law Development Centre Main Library | Text Books and Laws | 03/10/2013 | 346.02 CHI | 4468/2013 | 03/10/2013 | 5 | 03/10/2013 | Books | Reserve |
